Statistics for NBA All Star Game MVP Award Winners

Click here to take the quiz!

General Stats

  • This quiz has been taken 3,488 times
  • The average score is 31 of 61

Answer Stats

YearPlayer% Correct
2009Shaquille O'Neal & Kobe Bryant
96%
1988Michael Jordan
95%
1996Michael Jordan
95%
1998Michael Jordan
95%
2011Kobe Bryant
94%
2002Kobe Bryant
94%
2007Kobe Bryant
94%
2008LeBron James
93%
2006LeBron James
93%
2000Shaquille O'Neal & Tim Duncan
89%
1993John Stockton & Karl Malone
83%
2004Shaquille O'Neal
80%
1992Magic Johnson
78%
1990Magic Johnson
78%
1960Wilt Chamberlain
78%
1982Larry Bird
77%
2001Allen Iverson
73%
2005Allen Iverson
73%
1963Bill Russell
71%
2012Kevin Durant
70%
1989Karl Malone
69%
1972Jerry West
67%
2010Dwyane Wade
65%
1994Scottie Pippen
58%
2003Kevin Garnett
54%
1983Julius Erving
53%
1977Julius Erving
53%
1954Bob Cousy
52%
1957Bob Cousy
52%
1991Charles Barkley
51%
1959Bob Pettit
50%
1962Bob Pettit
50%
1958Bob Pettit
50%
1956Bob Pettit
50%
1986Isiah Thomas
46%
1984Isiah Thomas
46%
1969Oscar Robertson
45%
1964Oscar Robertson
45%
1961Oscar Robertson
45%
1952Paul Arizin
41%
1953George Mikan
36%
1967Rick Barry
34%
1975Walt Frazier
33%
1971Lenny Wilkens
30%
1980George Gervin
27%
1970Willis Reed
26%
1973Dave Cowens
19%
1955Bill Sharman
17%
1997Glen Rice
16%
1979David Thompson
14%
1995Mitch Richmond
14%
1966Adrian Smith
12%
1981Nate Archibald
12%
1978Randy Smith
12%
1974Bob Lanier
9%
1976Dave Bing
9%
1965Jerry Lucas
9%
1968Hal Greer
8%
1985Ralph Sampson
8%
1987Tom Chambers
4%
1951Ed Macauley
3%

Score Distribution

Percentile by Number Answered

Percent of People with Each Score

Your Score History

You have not taken this quiz